[Event "14. Sparkassen Open 2015 - Gruppe B"]
[Site "Forchheim"]
[Date "2015.10.03"]
[Round "3.20"]
[White "Adler, Herbert"]
[Black "Bauer, Peter"]
[Result "1/2-1/2"]
[WhiteElo "2001"]
[BlackElo "1656"]
[PlyCount "81"]
[EventDate "2015.??.??"]
[WhiteTeam "SG Büchenbach/Roth"]
[BlackTeam "SGem Fürth"]

1. d4 Nf6 2. g3 d5 3. Bg2 c6 4. Nf3 Bf5 5. c4 e6 6. O-O h6 7. Nc3 Bd6 8. Nd2
O-O 9. e4 dxe4 10. Ndxe4 Nxe4 11. Nxe4 Bxe4 12. Bxe4 Nd7 13. Qb3 Rb8 14. Rd1
Nf6 15. Bf3 Qa5 16. Qc2 Rfd8 17. Be3 Be7 18. a3 Rd7 19. Rd2 Rbd8 20. Rad1 Qc7
21. b4 Bf8 22. h4 a5 23. Qa4 axb4 24. axb4 e5 25. d5 e4 26. Bf4 Bd6 27. Bxd6
Rxd6 28. Bg2 cxd5 29. cxd5 Qb6 30. Rd4 Qa6 31. Qc2 Qb5 32. Bxe4 Nxe4 33. Qxe4
Qd7 34. Kg2 Qb5 35. g4 Re8 36. Qd3 Qd7 37. Re4 Rd8 38. Rd4 Re8 39. h5 Re5 40.
Kg3 Rg5 41. Qf3 1/2-1/2

[Event "14. Sparkassen Open 2015 - Gruppe B"]
[Site "Forchheim"]
[Date "2015.10.03"]
[Round "3.21"]
[White "Krasotin, Valentin"]
[Black "Reichel, Günther"]
[Result "1-0"]
[WhiteElo "1777"]
[BlackElo "1729"]
[PlyCount "79"]
[EventDate "2015.??.??"]
[WhiteTeam "SW Nürnberg Süd"]
[BlackTeam "SC-SF Stockstadt"]

1. e4 c5 2. Nf3 d6 3. d4 cxd4 4. Nxd4 Nf6 5. f3 g6 6. Be3 Bg7 7. c4 O-O 8. Nc3
Nc6 9. Qd2 Bd7 10. g4 Qa5 11. Be2 Rfc8 12. Nb3 Qd8 13. Bh6 Bh8 14. g5 Ne8 15.
f4 a5 16. O-O-O b6 17. Rdf1 a4 18. Na1 Na5 19. f5 Nxc4 20. fxg6 hxg6 21. Bxc4
Rxc4 22. Rf3 Be6 23. Kb1 Rac8 24. Nd5 Rxe4 25. Nc2 Rxc2 26. Kxc2 Rd4 27. Nf6+
Bxf6 28. Qf2 Be5 29. Rf1 Bxa2 30. Rc3 Bb3+ 31. Kb1 Be6 32. h4 Rf4 33. Rf3 Bf5+
34. Ka2 Rb4 35. Rxf5 Rxb2+ 36. Qxb2 Bxb2 37. Rxf7 Bf6 38. Rf8+ Kh7 39. gxf6 e5
40. f7 1-0

[Event "14. Sparkassen Open 2015 - Gruppe B"]
[Site "Forchheim"]
[Date "2015.10.03"]
[Round "3.22"]
[White "Kaufmann, Rolf"]
[Black "Schulz, Horst"]
[Result "1-0"]
[WhiteElo "1910"]
[BlackElo "1717"]
[PlyCount "66"]
[EventDate "2015.??.??"]
[WhiteTeam "SF Hoffenheim"]
[BlackTeam "SC Höchstadt/Aisch"]

1. e4 d5 2. exd5 Nf6 3. Bb5+ Bd7 4. Bc4 b5 5. Bb3 a5 6. a3 Bg4 7. f3 Bf5 8. Nc3
a4 9. Ba2 Qd7 10. Nge2 e5 11. dxe6 fxe6 12. O-O Bc5+ 13. d4 Bb6 14. Kh1 Na6 15.
Bf4 O-O-O 16. Be5 b4 17. axb4 Nxb4 18. Bb1 Nfd5 19. Qc1 h5 20. Nxa4 Rhg8 21. c4
Bxb1 22. Qxb1 Ne3 23. Qe4 Nbd5 24. Nxb6+ cxb6 25. Rfc1 Kb7 26. cxd5 Nxd5 27.
Rc7+ Qxc7 28. Bxc7 Kxc7 29. Ra7+ Kb8 30. Rf7 g5 31. Qh7 h4 32. Rb7+ Kc8 33. Ra7
Nf6 1-0

[Event "14. Sparkassen Open 2015 - Gruppe B"]
[Site "Forchheim"]
[Date "2015.10.03"]
[Round "3.23"]
[White "Merz, Andreas"]
[Black "Vinogradov, Anatoli"]
[Result "1/2-1/2"]
[WhiteElo "1846"]
[BlackElo "1812"]
[PlyCount "98"]
[EventDate "2015.??.??"]
[WhiteTeam "SC Treuchtlingen"]
[BlackTeam "SG Siemens Amberg"]

1. e4 e6 2. d4 d5 3. Nd2 c5 4. exd5 Qxd5 5. dxc5 Bxc5 6. Ngf3 Nf6 7. Bc4 Qd6 8.
O-O O-O 9. Qe2 Nc6 10. Ne4 Nxe4 11. Qxe4 e5 12. Ng5 Qg6 13. Qxg6 hxg6 14. Be3
Be7 15. Rad1 Bxg5 16. Bxg5 Bf5 17. c3 Kh7 18. Rd6 f6 19. Be3 Rfd8 20. Rfd1 a6
21. Bb6 Re8 22. Kf1 Rac8 23. Bb3 e4 24. h3 g5 25. g4 Bg6 26. Rd7 Ne5 27. Rxb7
Nd3 28. Rd2 f5 29. Bd4 f4 30. Bxg7 e3 31. Bd4+ Kh6 32. fxe3 fxe3 33. Bg7+ Kh7
34. Rh2 Nf4 35. h4 e2+ 36. Rxe2 Rxe2 37. Be5+ Kh6 38. Bxf4 Bd3 39. Bxg5+ Kg6
40. Bf7+ Kg7 41. Bc4+ Re7+ 42. Bxd3 Rxb7 43. Bc1 Rf7+ 44. Bf5 Re8 45. Bg5 Re4
46. Kg2 Re2+ 47. Kg3 Rxb2 48. h5 Rb5 49. h6+ Kh8 1/2-1/2

[Event "14. Sparkassen Open 2015 - Gruppe B"]
[Site "Forchheim"]
[Date "2015.10.03"]
[Round "3.24"]
[White "Lehmann, Tornalf"]
[Black "Thürauf, Peter"]
[Result "0-1"]
[WhiteElo "1671"]
[BlackElo "1835"]
[PlyCount "76"]
[EventDate "2015.??.??"]
[WhiteTeam "SC Heilsbronn"]
[BlackTeam "SW Nürnberg Süd"]

1. e4 c5 2. d4 cxd4 3. c3 dxc3 4. Nxc3 Nc6 5. Nf3 d6 6. Bc4 e6 7. O-O Be7 8.
Qe2 Nf6 9. Rd1 e5 10. Be3 Bg4 11. h3 Bxf3 12. Qxf3 O-O 13. Rac1 Rc8 14. Bb3 Qc7
15. Nb5 Qb8 16. Bd5 a6 17. Nc3 Bd8 18. a3 b5 19. Qe2 Na5 20. Ba2 Nc4 21. Bxc4
Rxc4 22. b3 Rc8 23. f3 Bb6 24. Qf2 Bxe3 25. Qxe3 Rc6 26. Kh2 Rfc8 27. Qe1 Qc7
28. Rd3 Qa5 29. Qe3 Qxa3 30. Rb1 Qc5 31. Nd5 Nxd5 32. exd5 Qxe3 33. Rxe3 Rc5
34. Rd3 b4 35. Ra1 a5 36. Ra2 Rb8 37. Rdd2 Rcb5 38. Rac2 g6 0-1

[Event "14. Sparkassen Open 2015 - Gruppe B"]
[Site "Forchheim"]
[Date "2015.10.03"]
[Round "3.25"]
[White "Rummel, Gerald"]
[Black "Seifert, Heinz"]
[Result "1/2-1/2"]
[WhiteElo "1780"]
[BlackElo "1598"]
[PlyCount "102"]
[EventDate "2015.??.??"]
[WhiteTeam "SC Anderssen"]
[BlackTeam "SV Lauf"]

1. Nf3 Nf6 2. c4 g6 3. g3 Bg7 4. Bg2 O-O 5. O-O d6 6. Nc3 c5 7. Rb1 Nc6 8. d3
Rb8 9. a3 a5 10. Bd2 Bd7 11. Nd5 b5 12. b3 e6 13. Nc3 b4 14. Nb5 d5 15. Bf4
bxa3 16. Bxb8 Qxb8 17. Nxa3 d4 18. Nc2 e5 19. e3 e4 20. Nfe1 Bf5 21. f3 exd3
22. Nxd3 Bxd3 23. Qxd3 Rd8 24. exd4 Nxd4 25. Nxd4 Rxd4 26. Qe2 Nh5 27. Rfe1 Rd8
28. f4 Bd4+ 29. Kh1 Nf6 30. Qf3 Qd6 31. Qc6 Qf8 32. Bf3 Kg7 33. Re2 Rd6 34. Qa8
Qxa8 35. Bxa8 Ra6 36. Bf3 Rb6 37. Ra2 Bc3 38. Rc2 Bd4 39. Ra2 Bc3 40. Kg2 h5
41. h3 Rd6 42. Rd1 Rb6 43. Rb1 Re6 44. Rc2 Bd4 45. g4 hxg4 46. hxg4 Rb6 47. Ra2
Bc3 48. g5 Ne8 49. Re2 Nd6 50. Re3 Bd4 51. Rd3 Nxc4 1/2-1/2

[Event "14. Sparkassen Open 2015 - Gruppe B"]
[Site "Forchheim"]
[Date "2015.10.03"]
[Round "3.26"]
[White "Nahlik, Bernhard"]
[Black "von Kortzfleisch, Ruben"]
[Result "0-1"]
[WhiteElo "1721"]
[BlackElo "1349"]
[PlyCount "54"]
[EventDate "2015.??.??"]
[WhiteTeam "SC Ansbach"]
[BlackTeam "SF Bad Mergentheim"]

1. d4 d5 2. Nf3 Nf6 3. e3 Bf5 4. Bd3 Bg6 5. O-O e6 6. b3 c5 7. Bb2 Nc6 8. Nc3
Be7 9. dxc5 Bxc5 10. Na4 Bd6 11. Rc1 e5 12. Bxg6 hxg6 13. h3 Qd7 14. Nc3 e4 15.
Nd4 Rxh3 16. f3 Bh2+ 17. Kf2 Bg3+ 18. Ke2 Rh2 19. Rg1 Nxd4+ 20. Qxd4 O-O-O 21.
Rcf1 exf3+ 22. Rxf3 Qh3 23. Qc5+ Kb8 24. Kd3 Rxg2 25. Rgf1 Qe6 26. Rxg3 Ne4 27.
Qa5 Rd2# 0-1

[Event "14. Sparkassen Open 2015 - Gruppe B"]
[Site "Forchheim"]
[Date "2015.10.03"]
[Round "3.27"]
[White "Bauschke, Norman"]
[Black "Götzel, Alfred"]
[Result "1/2-1/2"]
[WhiteElo "1605"]
[BlackElo "1950"]
[PlyCount "65"]
[EventDate "2015.??.??"]
[WhiteTeam "SC Höchstadt/Aisch"]
[BlackTeam "SC Höchstadt/Aisch"]

1. Nf3 c5 2. g3 e6 3. d3 Nc6 4. c3 Nf6 5. Bg2 Be7 6. O-O O-O 7. Re1 d5 8. Bf4
b5 9. Ne5 Bb7 10. a4 a6 11. axb5 axb5 12. Nd2 Nh5 13. Nxc6 Bxc6 14. Be3 Nf6 15.
b4 cxb4 16. cxb4 Bxb4 17. Qb3 Be7 18. Rec1 Qd7 19. Nf3 Qb7 20. Ne5 Rxa1 21.
Rxa1 Ra8 22. Rc1 Be8 23. Nc4 Qb8 24. Nb6 Ra5 25. Rc8 Qe5 26. d4 Qd6 27. Na8 Qd7
28. Qc3 b4 29. Qc1 b3 30. Rc7 Qd8 31. Rc8 Qd7 32. Rc7 Qd8 33. Rc8 1/2-1/2

[Event "14. Sparkassen Open 2015 - Gruppe B"]
[Site "Forchheim"]
[Date "2015.10.03"]
[Round "3.28"]
[White "Kaltschmidt, Andreas"]
[Black "Weißmann, Peter"]
[Result "0-1"]
[WhiteElo "1702"]
[BlackElo "1795"]
[PlyCount "77"]
[EventDate "2015.??.??"]
[WhiteTeam "SK Weiden"]
[BlackTeam "SK Zirndorf"]

1. b4 c6 2. c4 d5 3. e3 e5 4. Bb2 Nd7 5. Qb3 Ngf6 6. d4 Bd6 7. Nd2 O-O 8. Bd3
e4 9. Bc2 Re8 10. Ne2 Nf8 11. c5 Bc7 12. Nf1 Bg4 13. Nfg3 a5 14. a3 h5 15. h3
Be6 16. Kd2 b6 17. Rhb1 Ng6 18. Bc3 a4 19. Qa2 Nh4 20. Rg1 bxc5 21. bxc5 Ba5
22. Bxa4 Bxc3+ 23. Nxc3 Qc7 24. Bd1 g6 25. Rb1 Nd7 26. Qa1 f5 27. Nf1 f4 28. g4
fxe3+ 29. fxe3 Rf8 30. Kc1 Nf3 31. Bxf3 Rxf3 32. Qa2 hxg4 33. Nxe4 Bf5 34. Nfg3
Kg7 35. Nxf5+ gxf5 36. Nd6 Qa5 37. Rb3 Nxc5 38. dxc5 Qxc5+ 39. Rc3 0-1

[Event "14. Sparkassen Open 2015 - Gruppe B"]
[Site "Forchheim"]
[Date "2015.10.03"]
[Round "3.29"]
[White "Kirchner, Markus"]
[Black "Dreiseitel, Werner"]
[Result "0-1"]
[WhiteElo "1633"]
[BlackElo "1568"]
[PlyCount "100"]
[EventDate "2015.??.??"]
[WhiteTeam "SF Schöneck"]
[BlackTeam "SGem Fürth"]

1. e4 c6 2. Nc3 d5 3. Nf3 Bg4 4. h3 Bh5 5. exd5 cxd5 6. Bb5+ Nc6 7. g4 Bg6 8.
Ne5 Rc8 9. d4 a6 10. Be2 Nxe5 11. dxe5 e6 12. Bd3 Bc5 13. Bf4 Qb6 14. Bg3 Qxb2
15. Na4 Bb4+ 16. Kf1 Bxd3+ 17. cxd3 Qd4 18. Rb1 b5 19. Nb2 Ne7 20. Kg2 O-O 21.
Qe2 Rc3 22. Rhd1 Rfc8 23. Qe3 Qxe3 24. fxe3 Rc2+ 25. Kf3 Ba3 26. Nc4 dxc4 27.
dxc4 R2xc4 28. Rb3 Bb4 29. Rd7 Ng6 30. Bf4 Nxf4 31. exf4 Rc3+ 32. Rxc3 Rxc3+
33. Ke4 Rxh3 34. Ra7 Ra3 35. f5 Rxa2 36. f6 Re2+ 37. Kd4 a5 38. Rb7 Rd2+ 39.
Ke3 Rd5 40. Ke4 h6 41. Rb8+ Kh7 42. Rb7 Kg6 43. Rb8 Bc3 44. Rg8 Bxe5 45. Rxg7+
Kxf6 46. Rh7 Kg6 47. Rxh6+ Kxh6 48. g5+ Kxg5 49. Ke3 a4 50. Ke2 a3 0-1

[Event "14. Sparkassen Open 2015 - Gruppe B"]
[Site "Forchheim"]
[Date "2015.10.03"]
[Round "3.30"]
[White "Schwarz, Eduard"]
[Black "Hummel, Thomas"]
[Result "1-0"]
[WhiteElo "1992"]
[BlackElo "1947"]
[PlyCount "87"]
[EventDate "2015.??.??"]
[WhiteTeam "SG Idstein"]
[BlackTeam "SK Neumarkt"]

1. Nf3 d6 2. d4 Nf6 3. c4 g6 4. Nc3 Bg7 5. e4 c6 6. Be2 Bg4 7. h3 Bxf3 8. Bxf3
Qc7 9. O-O Nbd7 10. Bf4 e5 11. Be3 O-O 12. d5 c5 13. Nb5 Qb8 14. Qd2 a6 15. Nc3
b5 16. cxb5 axb5 17. Qe2 b4 18. Nb5 Ra5 19. a4 Nb6 20. b3 Nfd7 21. Qd2 f5 22.
Bg5 Nf6 23. exf5 gxf5 24. Bh6 Bxh6 25. Qxh6 e4 26. Be2 Nfxd5 27. Rfd1 Kh8 28.
Bc4 Ne7 29. Rxd6 Nxc4 30. bxc4 Ng8 31. Qd2 Nf6 32. Rd1 Ne8 33. Rd8 Qe5 34. Qh6
Qg7 35. Qe6 Nf6 36. R1d6 Rxd8 37. Rxd8+ Ng8 38. Nd6 Ra7 39. Qxf5 Qe7 40. Qd5
Qg7 41. Nxe4 Rxa4 42. Nf6 Ra1+ 43. Kh2 Qc7+ 44. g3 1-0

[Event "14. Sparkassen Open 2015 - Gruppe B"]
[Site "Forchheim"]
[Date "2015.10.03"]
[Round "3.31"]
[White "Breitenbach, Joachim"]
[Black "Corral, Carlos"]
[Result "0-1"]
[WhiteElo "2045"]
[BlackElo "2010"]
[PlyCount "26"]
[EventDate "2015.??.??"]
[WhiteTeam "Schachtreff Röttenbach"]
[BlackTeam "SC Noris-Tarrasch Nürnberg"]

1. e4 c5 2. Nf3 g6 3. d4 cxd4 4. Nxd4 Bg7 5. c4 Nc6 6. Be3 Nf6 7. Nc3 Ng4 8.
Be2 Nxe3 9. fxe3 O-O 10. O-O Nxd4 11. exd4 Qb6 12. e5 Bxe5 13. Nd5 Qxd4+ 0-1

[Event "14. Sparkassen Open 2015 - Gruppe B"]
[Site "Forchheim"]
[Date "2015.10.03"]
[Round "3.32"]
[White "Thurn, Stephan"]
[Black "Jacob, Karl-Heinz"]
[Result "1-0"]
[WhiteElo "1889"]
[BlackElo "1728"]
[PlyCount "51"]
[EventDate "2015.??.??"]
[WhiteTeam "TSV Kirchehrenbach"]
[BlackTeam "SG Sonneberg"]

1. c4 e5 2. Nc3 Nf6 3. g3 d5 4. cxd5 Nxd5 5. Bg2 c6 6. Nf3 Nxc3 7. bxc3 Qc7 8.
d4 exd4 9. cxd4 Bb4+ 10. Bd2 Bxd2+ 11. Qxd2 O-O 12. O-O f6 13. Rfc1 Qe7 14. a4
Be6 15. a5 Nd7 16. e4 Rac8 17. d5 cxd5 18. exd5 Bf7 19. Qd4 b6 20. d6 Qd8 21.
Bh3 Re8 22. axb6 axb6 23. Rc7 Be6 24. Bxe6+ Rxe6 25. Qc4 Nc5 26. Rxc5 1-0

[Event "14. Sparkassen Open 2015 - Gruppe B"]
[Site "Forchheim"]
[Date "2015.10.03"]
[Round "3.33"]
[White "Babichev, Vyacheslav"]
[Black "Grieme, Jens"]
[Result "0-1"]
[WhiteElo "1825"]
[BlackElo "1875"]
[PlyCount "118"]
[EventDate "2015.??.??"]
[WhiteTeam "SW Nürnberg Süd"]
[BlackTeam "TuS Syke"]

1. b3 d5 2. Bb2 Nf6 3. Nf3 Bf5 4. d3 e6 5. Nh4 Bg6 6. Nxg6 hxg6 7. g3 Bd6 8.
Bg2 c6 9. a3 Nbd7 10. Nd2 Be5 11. d4 Bd6 12. e3 Qe7 13. Qe2 e5 14. c3 e4 15. c4
O-O 16. c5 Bc7 17. Bh3 Nh7 18. O-O Ng5 19. Bg2 f5 20. b4 Ne6 21. f4 exf3 22.
Nxf3 Ng5 23. Nh4 Kh7 24. Rae1 Nf6 25. Qd3 Nge4 26. Rf3 Rae8 27. Bc1 Ng4 28.
Ref1 Ng5 29. Rf4 Bxf4 30. gxf4 Nh3+ 31. Bxh3 Qxh4 32. Bxg4 Qxg4+ 33. Kh1 Rh8
34. Rf2 Kg8 35. Qf1 Kf7 36. Rg2 Qh3 37. Qf2 Qh4 38. Qg1 Rh5 39. Bd2 Reh8 40.
Be1 Qe7 41. Bg3 Qe4 42. Qf2 Re8 43. Qb2 Qxe3 44. b5 Qe6 45. bxc6 bxc6 46. Qb7+
Re7 47. Qa6 Rh8 48. Rg1 Qe4+ 49. Rg2 Rb8 50. h4 Rb2 51. Qf1 Qxg2+ 52. Qxg2 Rxg2
53. Kxg2 Re2+ 54. Bf2 Ra2 55. Kf1 Rxa3 56. Ke2 a5 57. Be1 a4 58. Bd2 Rh3 59.
Be1 a3 0-1

[Event "14. Sparkassen Open 2015 - Gruppe B"]
[Site "Forchheim"]
[Date "2015.10.03"]
[Round "3.34"]
[White "Gets, Alexej"]
[Black "Kuhmann, Peter"]
[Result "1/2-1/2"]
[WhiteElo "1660"]
[BlackElo "1942"]
[PlyCount "84"]
[EventDate "2015.??.??"]
[WhiteTeam "SC Noris-Tarrasch Nürnberg"]
[BlackTeam "TSV Kirchehrenbach"]

1. e4 d5 2. exd5 Nf6 3. g3 Nxd5 4. Bg2 e5 5. Nc3 c6 6. Qh5 Nb4 7. Qxe5+ Qe7 8.
Qxe7+ Bxe7 9. Kd1 Bg4+ 10. f3 Bf5 11. d3 Nd7 12. a3 Na6 13. Bh3 Bxh3 14. Nxh3
O-O-O 15. Bg5 f6 16. Re1 Rhe8 17. Bd2 Ne5 18. Ng1 Bc5 19. f4 Nxd3 20. Rxe8 Rxe8
21. cxd3 Bxg1 22. Ne4 Kc7 23. Kc2 Bd4 24. Re1 Kd7 25. f5 b6 26. b4 Nc7 27. Bc3
Bxc3 28. Kxc3 Nb5+ 29. Kb2 Nd4 30. g4 Nf3 31. Re2 Ne5 32. Kc3 h6 33. h3 Nf3 34.
Re3 Ng5 35. Kd4 Nf7 36. h4 Re5 37. Ng3 Rd5+ 38. Kc3 a5 39. Nh5 axb4+ 40. axb4
c5 41. Nxg7 cxb4+ 42. Kc4 Rd6 1/2-1/2

[Event "14. Sparkassen Open 2015 - Gruppe B"]
[Site "Forchheim"]
[Date "2015.10.03"]
[Round "3.35"]
[White "Löllmann, Heinrich"]
[Black "Rierl, Klaus"]
[Result "1-0"]
[WhiteElo "1825"]
[BlackElo "1789"]
[PlyCount "81"]
[EventDate "2015.??.??"]
[WhiteTeam "SV Bubenreuth"]
[BlackTeam "SG Sonneberg"]

1. e4 d5 2. exd5 Qxd5 3. Nc3 Qa5 4. d3 c6 5. Bd2 Qc7 6. g3 Nf6 7. Bg2 Bf5 8.
Nf3 e6 9. Qe2 h6 10. O-O-O Nbd7 11. Nh4 Bh7 12. f4 O-O-O 13. Nf3 Be7 14. Rde1
Rhe8 15. Ne5 Bg8 16. Rhf1 Nb6 17. Qf2 Nfd7 18. Be3 Nxe5 19. fxe5 Kb8 20. a3 Rd7
21. Ne4 Nc8 22. Nc5 Bxc5 23. Bxc5 b6 24. Bb4 c5 25. Bd2 Ne7 26. Qf3 Kc8 27. Re4
Red8 28. b4 Rd4 29. bxc5 bxc5 30. Rxd4 cxd4 31. Ba5 Qb8 32. Bxd8 Kxd8 33. Qe4
Qb6 34. Rf4 g5 35. Qxd4+ Qxd4 36. Rxd4+ Kc7 37. Be4 f5 38. exf6 Nc8 39. Rc4+
Kd8 40. Rxc8+ Kxc8 41. Bg6 1-0

[Event "14. Sparkassen Open 2015 - Gruppe B"]
[Site "Forchheim"]
[Date "2015.10.03"]
[Round "3.36"]
[White "Mönch, Dietmar"]
[Black "Goda, Frederic"]
[Result "0-1"]
[WhiteElo "1798"]
[BlackElo "1704"]
[PlyCount "88"]
[EventDate "2015.??.??"]
[BlackTeam "SC Weiße Dame Ulm"]

1. d4 Nf6 2. Nf3 e6 3. e3 d5 4. Bd3 c6 5. O-O Bd6 6. Nbd2 Nbd7 7. b3 Qe7 8. c4
a5 9. Bb2 O-O 10. Ne5 c5 11. f4 cxd4 12. exd4 Ba3 13. Qc2 Bxb2 14. Qxb2 Nxe5
15. fxe5 Nh5 16. Rf3 g6 17. Raf1 Bd7 18. Rh3 f5 19. Be2 Ng7 20. Qc2 f4 21. Bd3
Nf5 22. Bxf5 Rxf5 23. cxd5 exd5 24. Rc3 Qb4 25. Nf3 Rff8 26. Rc1 Bf5 27. Qd2
Be4 28. Rc7 Bxf3 29. Qxb4 axb4 30. gxf3 b6 31. R1c2 Rab8 32. Rd7 Rbc8 33. Rdc7
Rb8 34. Kf2 g5 35. Ke1 h5 36. Rg2 g4 37. fxg4 f3 38. Rgc2 hxg4 39. Kf2 Rf4 40.
Ke3 Re4+ 41. Kd3 Rf8 42. Rf2 Rff4 43. Rc6 Rxd4+ 44. Kc2 Rfe4 0-1

[Event "14. Sparkassen Open 2015 - Gruppe B"]
[Site "Forchheim"]
[Date "2015.10.03"]
[Round "3.37"]
[White "Wärtsch, Michael"]
[Black "Maillinger, Michael"]
[Result "1/2-1/2"]
[WhiteElo "1866"]
[BlackElo "1504"]
[PlyCount "76"]
[EventDate "2015.??.??"]
[WhiteTeam "SG Lüdenscheid"]
[BlackTeam "PSV Dorfen"]

1. e4 c5 2. Nc3 e6 3. g3 Nc6 4. Bg2 g6 5. d3 Bg7 6. f4 Nge7 7. Nf3 d6 8. O-O
Bd7 9. Be3 O-O 10. Rb1 a6 11. e5 dxe5 12. Nxe5 b6 13. Nxd7 Qxd7 14. Ne2 Nd5 15.
Bf2 Rad8 16. a3 Rfe8 17. Qc1 e5 18. Nc3 Nc7 19. fxe5 Bxe5 20. Ne4 Nd4 21. Re1
Re7 22. b4 cxb4 23. Rxb4 b5 24. Nc5 Qf5 25. Qd1 Nde6 26. Be4 Qf6 27. Rf1 Qg7
28. Nxe6 Nxe6 29. Be3 Bc3 30. Rb1 Bd4 31. Bxd4 Qxd4+ 32. Kh1 Nc5 33. Bg2 Qc3
34. Ra1 Rde8 35. Bc6 Rc8 36. Bf3 Rce8 37. Bc6 Rc8 38. Bf3 Rce8 1/2-1/2

[Event "14. Sparkassen Open 2015 - Gruppe B"]
[Site "Forchheim"]
[Date "2015.10.03"]
[Round "3.38"]
[White "Großner, Josef"]
[Black "Hartewig, Anja"]
[Result "1/2-1/2"]
[WhiteElo "1902"]
[BlackElo "1722"]
[PlyCount "69"]
[EventDate "2015.??.??"]
[WhiteTeam "SF Fürth"]
[BlackTeam "Chemnitzer SC Aufbau"]

1. d4 d5 2. c4 e6 3. Nc3 Nf6 4. Bg5 Be7 5. e3 O-O 6. Nf3 dxc4 7. Bxc4 c5 8. O-O
Nc6 9. dxc5 Bxc5 10. a3 b6 11. Qc2 Bb7 12. Rfd1 Qc7 13. Nb5 Qc8 14. Nd6 Bxd6
15. Rxd6 Na5 16. Bd3 Qxc2 17. Bxc2 Rac8 18. Bxf6 gxf6 19. Bd3 Rfd8 20. Rxd8+
Rxd8 21. Bb5 Nb3 22. Re1 Nc5 23. b4 Ne4 24. Rc1 Kf8 25. Kf1 Nd6 26. Be2 e5 27.
g3 Ke7 28. Ke1 Ne4 29. Rc2 Rc8 30. Rxc8 Bxc8 31. Bd3 Nd6 32. Nd2 Bf5 33. Bxf5
Nxf5 34. Ke2 Kd7 35. Ne4 1/2-1/2

[Event "14. Sparkassen Open 2015 - Gruppe B"]
[Site "Forchheim"]
[Date "2015.10.03"]
[Round "3.39"]
[White "Weidenhöfer, Robert"]
[Black "Schlötterer, Hermann"]
[Result "0-1"]
[WhiteElo "1724"]
[BlackElo "1872"]
[PlyCount "90"]
[EventDate "2015.??.??"]
[WhiteTeam "SW Nürnberg Süd"]
[BlackTeam "Zabo-Eintracht Nürnberg"]

1. b3 Nf6 2. Bb2 e6 3. e3 c5 4. Nf3 Be7 5. c4 b6 6. Be2 Bb7 7. O-O O-O 8. d3 d6
9. Nbd2 Nbd7 10. h3 Rc8 11. Qb1 Qc7 12. d4 Qb8 13. Bd3 Rfd8 14. dxc5 dxc5 15.
Ng5 Nf8 16. Nge4 Ne8 17. Bc2 Qa8 18. Nf3 f5 19. Ng3 Bxf3 20. gxf3 Qxf3 21. Bd1
Qc6 22. f4 Qd6 23. Be2 Qd2 24. Bc1 Qc3 25. Qb2 Bf6 26. Rb1 Qxb2 27. Bxb2 Rd2
28. Bxf6 Nxf6 29. a4 Ng6 30. Rfd1 Rcd8 31. Kf1 Ne7 32. Ke1 R2d7 33. Bf3 g6 34.
Rxd7 Rxd7 35. Rd1 Kf8 36. Rxd7 Nxd7 37. e4 Nb8 38. e5 Nbc6 39. h4 h6 40. h5 Nb4
41. Kf2 Nec6 42. Bxc6 Nxc6 43. hxg6 Kg7 44. Nh5+ Kxg6 45. Nf6 Na5 0-1

[Event "14. Sparkassen Open 2015 - Gruppe B"]
[Site "Forchheim"]
[Date "2015.10.03"]
[Round "3.41"]
[White "Schwab, Edgar"]
[Black "Schulz, Siegfried"]
[Result "1-0"]
[WhiteElo "1930"]
[BlackElo "1928"]
[PlyCount "143"]
[EventDate "2015.??.??"]
[WhiteTeam "SC Forchheim"]
[BlackTeam "TSV Kirchenlaibach"]

1. d4 d5 2. Nf3 Nf6 3. g3 e6 4. Bg2 Be7 5. O-O O-O 6. Nbd2 c5 7. c3 cxd4 8.
cxd4 Bd7 9. Ne5 Bb5 10. Re1 Nbd7 11. Ndf3 Rc8 12. Nxd7 Nxd7 13. Bd2 Bd6 14. Rc1
Qe7 15. Bc3 Nb6 16. e4 Bb4 17. Bxb4 Qxb4 18. Qd2 Qd6 19. e5 Qd7 20. b3 Rxc1 21.
Rxc1 Rc8 22. Bf1 Bxf1 23. Kxf1 Rc6 24. Rxc6 Qxc6 25. Qb4 Qc7 26. Qc5 Qd7 27.
Ke2 h6 28. Ne1 Nc8 29. Nd3 b6 30. Qc3 Ne7 31. Kd2 Kf8 32. a4 Ke8 33. h4 Kd8 34.
Qc2 f6 35. g4 Qc6 36. Qxc6 Nxc6 37. exf6 gxf6 38. Ke3 Ke7 39. f4 Kf7 40. b4 a5
41. b5 Ne7 42. h5 Nc8 43. Nc5 Nd6 44. Nd3 Nc4+ 45. Kf3 Nd2+ 46. Ke3 Ne4 47. Nb2
Ke7 48. Kf3 f5 49. Nd1 Nd2+ 50. Ke2 Ne4 51. Kf3 fxg4+ 52. Kxg4 Kf6 53. Ne3 Nc3
54. f5 Nxa4 55. fxe6 Kxe6 56. Nd1 Kf6 57. Kf4 Ke6 58. Kg4 Nc5 59. dxc5 bxc5 60.
b6 Kd6 61. Ne3 a4 62. Nxd5 Kc6 63. Nc3 a3 64. b7 Kxb7 65. Kf5 Ka6 66. Kg6 Ka5
67. Kxh6 Kb4 68. Kg5 Kxc3 69. h6 a2 70. h7 a1=Q 71. h8=Q+ Kc4 72. Qxa1 {
Partieformular unleserlich} 1-0

[Event "14. Sparkassen Open 2015 - Gruppe B"]
[Site "Forchheim"]
[Date "2015.10.03"]
[Round "3.42"]
[White "Gajewski, Richard"]
[Black "Gheng, Dominik"]
[Result "0-1"]
[WhiteElo "1718"]
[BlackElo "1757"]
[PlyCount "65"]
[EventDate "2015.??.??"]
[WhiteTeam "Wolframs-Eschenbach"]
[BlackTeam "Schach-Kids Bernhausen"]

1. e4 e5 2. d4 exd4 3. c3 dxc3 4. Bc4 c2 5. Qxc2 Bb4+ 6. Nc3 Qe7 7. Nf3 Nf6 8.
O-O O-O 9. e5 Bxc3 10. bxc3 Ng4 11. Re1 Nc6 12. Bf4 Kh8 13. h3 Nh6 14. Bg5 Qe8
15. Qe4 f5 16. exf6 Qxe4 17. Rxe4 Nf5 18. Rae1 Nd6 19. fxg7+ Kxg7 20. Rg4 h5
21. Rh4 Rf5 22. Bd3 Rd5 23. Nd4 Rxg5 24. g4 Ne5 25. Bc2 Ng6 26. Bxg6 Kxg6 27.
f4 Ra5 28. f5+ Kf7 29. Rxh5 b6 30. Rh7+ Kg8 31. Ree7 Bb7 32. Reg7+ Kf8 33. f6
0-1

[Event "14. Sparkassen Open 2015 - Gruppe B"]
[Site "Forchheim"]
[Date "2015.10.03"]
[Round "3.43"]
[White "Gugenberger, Uwe"]
[Black "Baumgärtner, Jens"]
[Result "1-0"]
[WhiteElo "1942"]
[BlackElo "1579"]
[PlyCount "71"]
[EventDate "2015.??.??"]
[WhiteTeam "PSV Dorfen"]
[BlackTeam "SF Forst"]

1. d4 b6 2. e4 Bb7 3. Bd3 Nf6 4. Qe2 e6 5. f4 Nc6 6. c3 Be7 7. e5 Nd5 8. Nf3 d6
9. a3 dxe5 10. fxe5 g5 11. c4 Nf4 12. Bxf4 gxf4 13. Qf2 Na5 14. Nbd2 c5 15.
O-O-O Bxf3 16. Qxf3 cxd4 17. b4 Nxc4 18. Nxc4 Rc8 19. Kb2 b5 20. Na5 Qb6 21.
Rc1 Kd7 22. Qb7+ Qxb7 23. Nxb7 a6 24. Nc5+ Bxc5 25. bxc5 Rhg8 26. Be4 Rc7 27.
Rhd1 Rg5 28. c6+ Ke7 29. Rxd4 Rxe5 30. Rcd1 Rxe4 31. Rxe4 Rxc6 32. Rxf4 e5 33.
Rf5 f6 34. Rh5 Rd6 35. Rxh7+ Ke6 36. Rxd6+ 1-0

[Event "14. Sparkassen Open 2015 - Gruppe B"]
[Site "Forchheim"]
[Date "2015.10.03"]
[Round "3.44"]
[White "Schütz, Robert"]
[Black "Heckel, Wolfgang"]
[Result "0-1"]
[WhiteElo "1727"]
[BlackElo "1756"]
[PlyCount "62"]
[EventDate "2015.??.??"]
[WhiteTeam "SC Forchheim"]
[BlackTeam "TSG Ellingen"]

1. e4 c5 2. Nf3 d6 3. d4 cxd4 4. Nxd4 Nf6 5. Nc3 g6 6. Be3 Bg7 7. f3 Bd7 8. Qd2
Nc6 9. O-O-O a6 10. g4 h5 11. g5 Nh7 12. h4 Nf8 13. Bc4 Ne6 14. Nxc6 Bxc6 15.
Nd5 Bxd5 16. Qxd5 O-O 17. f4 Rc8 18. Bb3 b5 19. Qb7 a5 20. Qxb5 Rb8 21. Qa4 Rb4
22. Qc6 Qb8 23. Bxe6 Bxb2+ 24. Kd2 fxe6 25. Qd7 Qc8 26. Qxc8 Rxc8 27. Kd3 Rc3+
28. Kd2 Rbc4 29. Ke2 Rxe4 30. Rd3 Rxc2+ 31. Kf3 Ra4 0-1

[Event "14. Sparkassen Open 2015 - Gruppe B"]
[Site "Forchheim"]
[Date "2015.10.04"]
[Round "4.1"]
[White "Adelhütte, Dennis"]
[Black "Deml, Tilo"]
[Result "1-0"]
[WhiteElo "1962"]
[BlackElo "1890"]
[PlyCount "49"]
[EventDate "2015.??.??"]
[WhiteTeam "SC  JÄKLECHEMIE"]
[BlackTeam "1.FC Marktleuthen"]

1. e4 e5 2. Nf3 d6 3. d4 Bg4 4. dxe5 Nd7 5. exd6 Bxd6 6. Nc3 Ngf6 7. Be2 Qe7 8.
Nd4 Bxe2 9. Qxe2 Bb4 10. O-O O-O-O 11. Nf5 Qe5 12. f4 Qa5 13. Bd2 g6 14. a3
Bc5+ 15. Ne3 Qb6 16. Kh1 Nb8 17. Ncd5 Qe6 18. Nxf6 Qxf6 19. Bc3 Qe7 20. Bxh8
Rxh8 21. Nd5 Qe6 22. Qc4 Nd7 23. b4 Bd6 24. e5 Bf8 25. Qxc7# 1-0